Linea 5.1/5.2 Venezia ACTV - Statistics

Statistiche generali
  • Questo quiz è stato fatto 6 volte
  • Il punteggio medio è 14 su 19
Statistiche sulle risposte
Fermata % Corretto
Lido S.M.E.
100%
Piazzale Roma
100%
San Marco- San Zaccaria
100%
Zattere
100%
Bacini-Arsenale Nord
80%
Celestia
80%
Ferrovia
80%
Fondamente Nove
80%
Giardini Biennale
80%
Santa Marta
80%
Sant'Elena- Stadio P.L. Penzo
80%
Guglie
60%
Madonna dell'Orto
60%
Ospedale
60%
Riva de Biasio
60%
Sant'Alvise
60%
Tre Archi
60%
Certosa
40%
San Pietro di Castello
40%
Nessun quiz corrispondente trovato
Distribuzione punteggi
Percentuale di utenti per punteggio
Percentile per numero di risposta
I tuoi punteggi nel tempo
Non hai fatto questo quiz